Statistics for Ipswich Town Players by Picture #1

Click here to take the quiz!

General Stats

  • This quiz has been taken 491 times
  • The average score is 15 of 30

Answer Stats

Answer% Correct
David Johnson
95%
Craig Forrest
88%
Alan Lee
83%
Finidi George
74%
Mark Venus
71%
Ian Marshall
67%
Romeo Zondervan
66%
Darren Ambrose
65%
Jason de Vos
65%
Simon Milton
65%
Aaron Cresswell
64%
Danny Haynes
64%
Dean Bowditch
62%
Geraint Williams
55%
Bryan Hamilton
53%
Steve McCall
51%
Fabian Wilnis
49%
David Linighan
48%
Allan Hunter
44%
Kevin Wilson
35%
Colin Viljoen
33%
Kevin O'Callaghan
33%
David Geddis
25%
Jimmy Leadbetter
21%
Roy Bailey
21%
Billy Baxter
20%
Colin Harper
15%
Danny Hegan
13%
Larry Carberry
10%
Tommy Parker
6%

Score Distribution

Percentile by Number Answered

Percent of People with Each Score

Your Score History

You have not taken this quiz